Shri Sarasvati Mahanadi Nirnay: (Record no. 10477)
[ view plain ]
| 000 -LEADER | |
|---|---|
| fixed length control field | 00839 a2200217 4500 |
| 003 - CONTROL NUMBER IDENTIFIER | |
| control field | dpl |
| 005 - DATE AND TIME OF LATEST TRANSACTION | |
| control field | 20181220162949.0 |
| 008 - FIXED-LENGTH DATA ELEMENTS--GENERAL INFORMATION | |
| fixed length control field | 180604b xxu||||| |||| 00| 0 eng d |
| 010 ## - LIBRARY OF CONGRESS CONTROL NUMBER | |
| LC control number | ENG-89322 |
| 020 ## - INTERNATIONAL STANDARD BOOK NUMBER | |
| Terms of availability | 180.00 |
| 035 ## - SYSTEM CONTROL NUMBER | |
| System control number | EN-72855, B-194171, B-194173 |
| 037 ## - SOURCE OF ACQUISITION | |
| Source of stock number/acquisition | DBAD / PUB |
| 040 ## - CATALOGING SOURCE | |
| Transcribing agency | 0 |
| 082 14 - DEWEY DECIMAL CLASSIFICATION NUMBER | |
| Classification number | 410 |
| 100 1# - MAIN ENTRY--PERSONAL NAME | |
| Personal name | Kuthasthanand Saraswati |
| 245 1# - TITLE STATEMENT | |
| Title | Shri Sarasvati Mahanadi Nirnay: |
| Statement of responsibility, etc | by Swami Kuthasthanand Saraswati |
| Remainder of title | the conclusion about the great river Sarasvati (Original text in Sanskrit with English translation)/ |
| 260 ## - PUBLICATION, DISTRIBUTION, ETC. (IMPRINT) | |
| Place of publication, distribution, etc | Hoshiarpur (Punjab) |
| Name of publisher, distributor, etc | Sadhu Sewa Munshi Ram Sood |
| Date of publication, distribution, etc | 2000 |
| 270 ## - ADDRESS | |
| Address | Dr. P.K. Sood / A-21, Friends colony (East), Mathura Road, (Copies can be had from:-) |
| City | New Delhi |
| Postal code | 110065 |
| State or province | Delhi |
| Telephone number | 6312244, 6314226 |
| 300 ## - PHYSICAL DESCRIPTION | |
| Extent | xxxv, 155 p. |
| Dimensions | 24 cm ( Hb) |
| 942 ## - ADDED ENTRY ELEMENTS (KOHA) | |
| Institution code [OBSOLETE] | dpl |
| Koha item type | English Books |
| Call number prefix | 410/ KUT |
| Source of classification or shelving scheme | Dewey Decimal Classification |
| Withdrawn status | Lost status | Source of classification or shelving scheme | Damaged status | Not for loan | Collection code | Home library | Current library | Source of acquisition | Cost, normal purchase price | Total Checkouts | Full call number | Barcode | Date last seen | Copy number | Uniform Resource Identifier | Cost, replacement price | Price effective from | Koha item type | Date acquired |
|---|---|---|---|---|---|---|---|---|---|---|---|---|---|---|---|---|---|---|---|
| Dewey Decimal Classification | Not For Loan | Non-fiction | D.B.Act.Division | D.B.Act.Division | DBAD/PUB | 180.00 | 410 KUT | EN-72855 | 15/09/2008 | 1 | 11537 | 180.00 | 15/09/2008 | English Books | |||||
| Dewey Decimal Classification | Non-fiction | Shahdara Branch | Shahdara Branch | BPPD/PUB | 19.00 | B-194171 | 04/06/2018 | 19.00 | 04/06/2018 | English Books | 04/06/2018 | ||||||||
| Dewey Decimal Classification | Non-fiction | Vigyan Vihar | Vigyan Vihar | BPPD/PUB | 180.00 | B-194173 | 20/12/2018 | 180.00 | 20/12/2018 | English Books | 20/12/2018 |
